NLE Choppa Charting Songs (Billboard Hot 100) - Statistics

General Stats
  • This quiz has been taken 357 times
    47 since last reset
  • The average score is 7 of 14
Answer Stats
Album Weeks On Peak Artist(s) Song % Correct
Cottonwood EP and Top Shotta 20 Weeks #36 NLE Choppa Shotta Flow
97%
Cottonwood 2 14 Weeks #28 NLE Choppa Slut Me Out
85%
Top Shotta 20 Weeks #38 NLE Choppa ft. Roddy Ricch Walk Em Down
76%
Me vs. Me 1 Week #86 NLE Choppa Shotta Flow 6
67%
Top Shotta 20 Weeks #37 NLE Choppa Camelot
64%
The Goat 9 Weeks #60 Polo G ft. NLE Choppa & Stunna 4 Vegas Go Stupid
61%
Top Shotta 3 Weeks #54 NLE Choppa Shotta Flow 5
61%
Cottonwood 2 6 Weeks #85 NLE Choppa & 2rare Do It Again
42%
Me vs. Me 1 Week #89 NLE Choppa ft. Polo G Jumpin
42%
Slut Szn 8 Weeks #52 NLE Choppa & 41 Or What
42%
Me vs. Me 1 Week #90 NLE Choppa Final Warning
33%
Slut Szn 5 Weeks #82 NLE Choppa Gang Baby
24%
Fast X (Original Motion Picture Soundtrack) 2 Weeks #65 Kodak Black & NLE Choppa ft. Jimin, JVKE & Muni Long Angel Pt. 1
21%
Non-Album Single 1 Week #83 NLE Choppa Famous Hoes
15%
No matching quizzes found
Score Distribution
Percent of People with Each Score
Percentile by Number Answered
Your Score History
You have not taken this quiz since the last reset